NFL Offensive Players from the SEC (2024) - Statistics

General Stats
  • This quiz has been taken 340 times
    222 since last reset
  • The average score is 43 of 125
Answer Stats
Answer % Correct
Jalen Hurts
85%
Tua Tagovailoa
85%
Joe Burrow
84%
Mac Jones
83%
Ja'Marr Chase
82%
Justin Jefferson
82%
Velus Jones Jr.
81%
Van Jefferson
80%
A.J. Brown
77%
Derrick Henry
75%
Ainias Smith
73%
DeVonta Smith
73%
Hunter Henry
73%
Irv Smith Jr.
73%
Marquise Brown
73%
Baker Mayfield
69%
Bryce Young
69%
Bijan Robinson
67%
Brian Robinson Jr.
67%
Kyler Murray
66%
Demarcus Robinson
65%
Jayden Daniels
65%
Keilan Robinson
65%
Matthew Stafford
65%
Wan'Dale Robinson
65%
Anthony Richardson
64%
DK Metcalf
62%
Brian Thomas Jr.
56%
Malik Nabers
54%
Najee Harris
54%
Will Levis
54%
Dak Prescott
53%
Clyde Edwards-Helaire
51%
Josh Jacobs
50%
Jameson Williams
49%
Dee Williams
48%
Stetson Bennett IV
48%
CeeDee Lamb
46%
Drew Lock
46%
Jaylen Waddle
45%
Nick Chubb
45%
Odell Beckham Jr.
45%
Brock Bowers
44%
Mike Evans
44%
Spencer Rattler
44%
Hendon Hooker
43%
James Cook
43%
Alvin Kamara
42%
Jerry Jeudy
42%
Jahmyr Gibbs
40%
Joe Milton III
40%
Kyle Pitts
40%
Roschon Johnson
40%
Amari Cooper
38%
George Pickens
38%
Xavier Worthy
38%
Deebo Samuel
37%
Kyle Trask
34%
Brandon Allen
31%
Elijah Moore
31%
Jalin Hyatt
31%
Ray Davis
31%
Joshua Dobbs
30%
Joe Mixon
29%
Zamir White
29%
Calvin Ridley
28%
Devon Achane
28%
Treylon Burks
27%
D'Andre Swift
26%
Ladd McConkey
26%
Xavier Legette
24%
Adonai Mitchell
23%
Evan Engram
23%
Jarrett Stidham
22%
Darnell Washington
21%
Braylon Sanders
19%
Dameon Pierce
19%
Ja'Tavion Sanders
19%
Mark Andrews
19%
Rhamondre Stevenson
19%
Tank Bigsby
19%
Cedric Tillman
18%
Jalen Brooks
18%
Jonathon Brooks
18%
Ricky Pearsall
18%
Jauan Jennings
17%
Jaylen Wright
17%
Samaje Perine
17%
Dawson Knox
16%
John Metchie III
16%
Marvin Mims
16%
Trey Knox
16%
Joshua Palmer
15%
Kayshon Boutte
15%
Christian Kirk
12%
Rico Dowdle
12%
Darius Slayton
10%
Jermaine Burton
10%
Jonathan Mingo
10%
Mecole Hardman
10%
Foster Moreau
9%
Hayden Hurst
9%
Cordarrelle Patterson
8%
DJ Chark
8%
D'Onta Foreman
8%
Jase McClellan
8%
Josh Reynolds
7%
Kenny McIntosh
7%
Albert Okwuegbunam
5%
Brandon Powell
5%
Eric Gray
5%
Anthony Schwartz
4%
Devin Duvernay
4%
Trent Sherfield
4%
Chris Conley
3%
Cody Schrader
3%
Isaiah McKenzie
3%
Jordan Whittington
3%
Malik Heath
3%
Nate Adkins
3%
Ramel Keyton
3%
Charlie Woerner
2%
Kenny Yeboah
2%
McCallan Castles
2%
Nick Muse
1%
No matching quizzes found
Score Distribution
Percent of People with Each Score
Percentile by Number Answered
Your Score History
You have not taken this quiz since the last reset